[Event "Motor City Open"]
[Site "Detroit"]
[Date "1991.11.30"]
[Round "5"]
[White "Bailey, Jason"]
[Black "Solski, Jeff"]
[Result "1-0"]
[WhiteElo "1374"]
[BlackElo "1428"]
[PlyCount "97"]
[EventDate "1991.11.29"]

1. e4 d6 2. d4 Nf6 3. Bd3 g6 4. f4 Bg7 5. Be3 Ng4 6. Qe2 c6 7. Nd2 b5 8. h3
Nxe3 9. Qxe3 a5 10. Ngf3 Qb6 11. g4 h5 12. gxh5 Rxh5 13. e5 dxe5 14. fxe5 Bxh3
15. O-O-O Bh6 16. Qf2 Nd7 17. Qg3 Nf8 18. Rxh3 Rxh3 19. Qxh3 Bg7 20. Rf1 Ne6
21. Bxg6 O-O-O 22. Bxf7 Kb8 23. Qxe6 Rh8 24. Qxe7 Ka8 25. Qd6 Rh6 26. e6 Qb7
27. Qd8+ Ka7 28. Qxa5+ Qa6 29. Qxa6+ Kxa6 30. e7 Rh8 31. e8=Q Rxe8 32. Bxe8 Kb6
33. Ne5 c5 34. dxc5+ Kxc5 35. Bxb5 Kxb5 36. Kd1 Kc5 37. Rf5 Kd4 38. Nef3+ Ke3
39. Re5+ Kf4 40. Re8 Bxb2 41. Nc4 Ba1 42. a4 Kxf3 43. Kd2 Bd4 44. Kd3 Bc5 45.
Re5 Ba7 46. Rf5+ Kg4 47. Rf1 Kg5 48. Ke4 Bc5 49. Rf5+ 1-0

[Event "Motor City Open"]
[Site "Detroit"]
[Date "1991.12.01"]
[Round "7"]
[White "Wydryck, Robert"]
[Black "Steverson, Bunnard"]
[Result "0-1"]
[WhiteElo "1968"]
[BlackElo "1839"]
[PlyCount "50"]
[EventDate "1991.11.29"]

1. e4 c5 2. Nf3 d6 3. d4 cxd4 4. Nxd4 Nf6 5. Nc3 Nc6 6. Be3 a6 7. Be2 e6 8. O-O
Qc7 9. f4 Be7 10. Qe1 O-O 11. Nb3 b5 12. Bf3 Bb7 13. Qg3 Rad8 14. f5 Ne5 15.
fxe6 Nxf3+ 16. Qxf3 fxe6 17. Qh3 Bc8 18. Nd4 Qc4 19. a3 g6 20. e5 dxe5 21. Nf3
Ng4 22. Nd2 Rxd2 23. b3 Qxc3 24. Bxd2 Bc5+ 25. Kh1 Qxa1 0-1

[Event "Motor City Open"]
[Site "Detroit"]
[Date "1991.12.01"]
[Round "7"]
[White "Ward, Tom"]
[Black "Stinson, Darlene"]
[Result "1-0"]
[WhiteElo "2149"]
[BlackElo "1582"]
[PlyCount "57"]
[EventDate "1991.11.29"]

1. e4 e5 2. Bc4 Nf6 3. d4 Nxe4 4. dxe5 Bc5 5. Qd5 Qh4 6. g3 Bxf2+ 7. Kf1 Bxg3
8. Qxf7+ Kd8 9. Qxg7 Bxe5 10. Qf7 Nd2+ 11. Nxd2 d6 12. Ndf3 Bh3+ 13. Nxh3 Qxh3+
14. Kf2 Bd4+ 15. Nxd4 Qh4+ 16. Ke3 Nd7 17. Rg1 Qh6+ 18. Ke2 Qxh2+ 19. Qf2 Qh5+
20. Ke1 Kc8 21. Be6 Qe8 22. Be3 c5 23. Rg7 Kc7 24. Rxd7+ Kb8 25. Qf3 Qc8 26.
Bf4 a6 27. Bxd6+ Ka7 28. Bxc5+ Kb8 29. Qf4+ 1-0

[Event "Motor City Open"]
[Site "Detroit"]
[Date "1991.12.01"]
[Round "7"]
[White "Walker, LeRoy"]
[Black "Lubben, Don"]
[Result "0-1"]
[WhiteElo "1569"]
[BlackElo "1882"]
[PlyCount "48"]
[EventDate "1991.11.29"]

1. e4 e6 2. d4 d5 3. exd5 exd5 4. Bd3 Nc6 5. c3 Nf6 6. Bg5 h6 7. Bxf6 Qxf6 8.
Nd2 Bd7 9. Ngf3 O-O-O 10. Nf1 g5 11. Qc2 g4 12. N3d2 h5 13. O-O-O Qxf2 14. Nb3
Qxc2+ 15. Kxc2 Bh6 16. h3 b6 17. hxg4 Bxg4 18. Re1 Rde8 19. Ng3 Rxe1 20. Rxe1
Kd8 21. Rh1 Bg5 22. Bf5 Re8 23. Bd3 h4 24. Nf1 Re1 0-1

[Event "Motor City Open"]
[Site "Detroit"]
[Date "1991.12.01"]
[Round "6"]
[White "Walker, LeRoy"]
[Black "Bailey, Jason"]
[Result "1-0"]
[WhiteElo "1569"]
[BlackElo "1374"]
[PlyCount "59"]
[EventDate "1991.11.29"]

1. e4 c5 2. d4 cxd4 3. c3 Nf6 4. e5 Nd5 5. Qxd4 e6 6. Nf3 Nc6 7. Qd1 Nb6 8. Bd3
d5 9. O-O a6 10. Be3 Be7 11. Nbd2 O-O 12. Nb3 Nd7 13. Bd4 f6 14. exf6 Bxf6 15.
Bxf6 Nxf6 16. Re1 Qc7 17. c4 Bd7 18. cxd5 exd5 19. Rc1 Bg4 20. Nbd4 Bxf3 21.
Nxf3 Ng4 22. g3 Qb6 23. Rc2 Rac8 24. Rd2 Nd4 25. Nxd4 Nxf2 26. Rxf2 Rxf2 27.
Kxf2 Qxd4+ 28. Kg2 Qxb2+ 29. Qe2 Qd4 30. Qe6+ 1-0

[Event "Motor City Open"]
[Site "Detroit"]
[Date "1991.12.01"]
[Round "7"]
[White "Walker, Douglas"]
[Black "Burke, Tim"]
[Result "1-0"]
[WhiteElo "1846"]
[BlackElo "1717"]
[PlyCount "63"]
[EventDate "1991.11.29"]

1. e4 c5 2. Nf3 d6 3. Nc3 Nf6 4. Bc4 Nc6 5. d3 g6 6. Bg5 Bg7 7. Qd2 h6 8. Bh4
O-O 9. h3 a6 10. O-O-O b5 11. Bb3 e6 12. g4 g5 13. Nxg5 hxg5 14. Bxg5 Ne5 15.
Bh6 Ng6 16. Bxg7 Kxg7 17. f4 Bb7 18. f5 d5 19. g5 c4 20. gxf6+ Qxf6 21. fxg6
fxg6 22. dxc4 dxc4 23. Bxc4 bxc4 24. Rhg1 Rad8 25. Qe3 Bc6 26. Qa7+ Rf7 27.
Qxa6 Qf4+ 28. Kb1 Qe3 29. Qxc6 Rxd1+ 30. Rxd1 Qxh3 31. Qxc4 Rf2 32. Qd4+ 1-0

[Event "Motor City Open"]
[Site "Detroit"]
[Date "1991.12.01"]
[Round "7"]
[White "Walker, Anthony"]
[Black "Davis, Victor"]
[Result "1-0"]
[WhiteElo "1103"]
[BlackElo "1260"]
[PlyCount "79"]
[EventDate "1991.11.29"]

1. e4 d6 2. Nf3 Bg4 3. Be2 Bxf3 4. Bxf3 Nf6 5. d4 g6 6. O-O Bg7 7. Nc3 Nbd7 8.
b3 O-O 9. Bb2 e5 10. dxe5 Nxe5 11. Re1 a5 12. a4 Re8 13. Rb1 c6 14. Be2 d5 15.
exd5 Nxd5 16. Nxd5 Qxd5 17. Qxd5 cxd5 18. Bb5 Re7 19. Re2 Rc8 20. c4 dxc4 21.
bxc4 Rcc7 22. Rbe1 Nd3 23. Rxe7 Rxe7 24. Rxe7 Nxb2 25. Rxb7 Nd3 26. Rb8+ Bf8
27. Rc8 Kg7 28. Kf1 Bc5 29. f3 f5 30. Ke2 Nc1+ 31. Kd2 Nb3+ 32. Kc3 Bb4+ 33.
Kxb3 Kf6 34. f4 g5 35. g3 h5 36. c5 Bxc5 37. Rxc5 gxf4 38. gxf4 Kg6 39. h4 Kf6
40. Bc6 1-0

[Event "Motor City Open"]
[Site "Detroit"]
[Date "1991.12.01"]
[Round "7"]
[White "Vaughn, Gerald"]
[Black "Bailey, Jason"]
[Result "1/2-1/2"]
[WhiteElo "1400"]
[BlackElo "1374"]
[PlyCount "106"]
[EventDate "1991.11.29"]

1. e4 e5 2. Nf3 Nf6 3. d3 Nc6 4. Nbd2 d5 5. b3 dxe4 6. dxe4 Bb4 7. a3 Bxd2+ 8.
Nxd2 O-O 9. Bd3 Be6 10. Bb2 Nd4 11. O-O c5 12. c3 Nxb3 13. Nxb3 Bxb3 14. Qxb3
Qxd3 15. Rad1 Qxe4 16. Rfe1 Qh4 17. c4 Ng4 18. Qg3 Qxg3 19. hxg3 Rfe8 20. Rd5
b6 21. f3 Nf6 22. Rdxe5 Rxe5 23. Rxe5 Re8 24. Rxe8+ Nxe8 25. Be5 f6 26. Bb8 a6
27. a4 Kf7 28. Ba7 Nd6 29. Bxb6 Nxc4 30. Bxc5 Ke6 31. Kf2 Kd5 32. Bf8 g6 33.
Be7 f5 34. Bd8 Kd4 35. a5 Kc5 36. Ke2 Kb5 37. Kd3 Nxa5 38. g4 fxg4 39. fxg4 Nc4
40. Ke4 a5 41. g5 a4 42. Be7 a3 43. Bxa3 Nxa3 44. Ke5 Kc5 45. Kf6 Kd5 46. Kg7
Ke5 47. Kxh7 Kf5 48. Kh6 Nc4 49. g4+ Kxg4 50. Kxg6 Ne5+ 51. Kh6 Kf5 52. Kh5 Kf4
53. Kh6 Nf7+ 1/2-1/2

[Event "Motor City Open"]
[Site "Detroit"]
[Date "1991.12.01"]
[Round "7"]
[White "Thomas, Willie"]
[Black "Johnston, Rowland"]
[Result "1-0"]
[WhiteElo "1550"]
[BlackElo "1781"]
[PlyCount "63"]
[EventDate "1991.11.29"]

1. d4 b5 2. e4 Bb7 3. e5 e6 4. Nf3 a6 5. Be2 c5 6. c3 Qc7 7. Nbd2 Nc6 8. Qc2
Rc8 9. O-O cxd4 10. cxd4 Nge7 11. Ne4 Nxe5 12. Qxc7 Rxc7 13. Nd6+ Kd8 14. Nxe5
Nf5 15. Ndxf7+ Kc8 16. Nxh8 d6 17. Nf3 Bxf3 18. Bxf3 Nxd4 19. Be3 Nc2 20. Rac1
d5 21. Bf4 Rc4 22. Bg3 Be7 23. Nf7 b4 24. Bd1 Nd4 25. Rxc4+ dxc4 26. Be5 Nb5
27. Be2 c3 28. bxc3 Nxc3 29. Rc1 Bf6 30. Bxc3 bxc3 31. Nd6+ Kd7 32. Ne4 1-0

[Event "Motor City Open"]
[Site "Detroit"]
[Date "1991.12.01"]
[Round "6"]
[White "Thomas, Carlton"]
[Black "Williams, Ron"]
[Result "1/2-1/2"]
[WhiteElo "2129"]
[BlackElo "1854"]
[PlyCount "120"]
[EventDate "1991.11.29"]

1. e4 e5 2. Nf3 Nc6 3. Bb5 a6 4. Bxc6 dxc6 5. d4 Bg4 6. O-O exd4 7. Qxd4 Bxf3
8. Qxd8+ Rxd8 9. gxf3 Bd6 10. e5 Bc5 11. Nd2 f5 12. Nb3 Bb6 13. Bg5 Ne7 14.
Rad1 Rxd1 15. Rxd1 h6 16. Bxe7 Kxe7 17. c4 c5 18. Kg2 g5 19. f4 Rd8 20. Rxd8
Kxd8 21. h4 g4 22. h5 Ke7 23. f3 gxf3+ 24. Kxf3 Kd7 25. Nc1 Ba7 26. Nd3 b5 27.
b3 c6 28. Ke3 Ke6 29. Ne1 Bb6 30. Nf3 Bd8 31. Kd3 b4 32. Ke3 Be7 33. Ne1 Bh4
34. Nd3 Be7 35. Kf3 Kd7 36. Nf2 Kc7 37. Kg3 Kd7 38. Nd3 Ke6 39. Kf3 Kd7 40. e6+
Kxe6 41. Ne5 Bd6 42. Nd3 Kd7 43. Ke2 Ke6 44. Kd2 Kd7 45. Kc2 Ke6 46. Kb2 a5 47.
Kc2 Kd7 48. Kd2 Ke6 49. Ke3 Kf6 50. Ne1 Ke6 51. Nf3 Kf6 52. Nh4 Be7 53. Ng6 Bd6
54. Kd3 Ke6 55. Kc2 Kf6 56. Kb2 Bxf4 57. Nxf4 Kg5 58. Ne6+ Kxh5 59. Nxc5 Kg4
60. Kc2 Kg3 1/2-1/2

[Event "Motor City Open"]
[Site "Detroit"]
[Date "1991.12.01"]
[Round "6"]
[White "Steverson, Bunnard"]
[Black "Levadi, David"]
[Result "0-1"]
[WhiteElo "1839"]
[BlackElo "1964"]
[PlyCount "72"]
[EventDate "1991.11.29"]

1. d4 Nf6 2. Nf3 d5 3. e3 Bf5 4. Bd3 Bxd3 5. Qxd3 c6 6. O-O Nbd7 7. c3 Qc7 8.
Nbd2 e6 9. Re1 Bd6 10. h3 O-O 11. e4 Nxe4 12. Nxe4 dxe4 13. Qxe4 Nf6 14. Qh4 c5
15. Bh6 Be7 16. Qg5 Ne8 17. Qg4 f5 18. Qf4 gxh6 19. Qxh6 Rf6 20. Qe3 Bd6 21.
Re2 Ng7 22. Rae1 Rd8 23. Kh1 Bf4 24. Qd3 a6 25. Qc4 cxd4 26. Qb3 d3 27. Re3
Bxe3 28. fxe3 b5 29. Nd4 Qg3 30. Rd1 Qxe3 31. Qa3 Rg6 32. Qe7 Re8 33. Qb7 e5
34. Nf3 e4 35. Qd5+ Ne6 36. Qd7 Rd8 0-1

[Event "Motor City Open"]
[Site "Detroit"]
[Date "1991.12.01"]
[Round "7"]
[White "Steen, Harold"]
[Black "Triplett, Thomas"]
[Result "0-1"]
[WhiteElo "1750"]
[BlackElo "1939"]
[PlyCount "98"]
[EventDate "1991.11.29"]

1. c4 Nf6 2. g3 e5 3. Bg2 Be7 4. Nc3 O-O 5. e4 d6 6. Nge2 Be6 7. d3 Qc8 8. O-O
Bh3 9. f4 Nc6 10. f5 Bxg2 11. Kxg2 a6 12. a4 b6 13. Nd5 Bd8 14. Nec3 Nd4 15. g4
Nxd5 16. Nxd5 c6 17. Nc3 f6 18. Be3 Qd7 19. Ne2 Nxe2 20. Qxe2 d5 21. Qc2 Rb8
22. h4 Rb7 23. Rab1 Be7 24. b4 Rd8 25. Rfd1 Qc7 26. Qb3 Kh8 27. b5 axb5 28.
axb5 dxc4 29. Qxc4 c5 30. Kh3 Qd7 31. Ra1 Bf8 32. Ra3 Rbb8 33. Rda1 Rb7 34. h5
Rbb8 35. Kg3 Rb7 36. Qc2 Qxb5 37. Rb3 Qd7 38. Rab1 Qc6 39. Qc4 Ra8 40. Kf3 Ra4
41. Qc2 Ra8 42. Qc3 b5 43. g5 Ra4 44. Rc1 c4 45. Rbb1 Ra3 46. Rb3 Ra4 47. d4
exd4 48. Bxd4 fxg5 49. h6 Qxh6 0-1

[Event "Motor City Open"]
[Site "Detroit"]
[Date "1991.12.01"]
[Round "7"]
[White "Solski, Jeff"]
[Black "Ryan, Bob"]
[Result "0-1"]
[WhiteElo "1428"]
[BlackElo "1554"]
[PlyCount "108"]
[EventDate "1991.11.29"]

1. e4 e5 2. f4 Nf6 3. Bc4 Nc6 4. Nf3 Bc5 5. Bxf7+ Kxf7 6. fxe5 Nxe4 7. d4 Bb6
8. O-O Rf8 9. c3 Kg8 10. Bg5 Nxg5 11. Nxg5 Rxf1+ 12. Kxf1 Qxg5 13. Nd2 d5 14.
Nf3 Qe3 15. Qb3 Bh3 16. Qxd5+ Kh8 17. Re1 Qd3+ 18. Kg1 Rd8 19. Qf7 Qg6 20. Ng5
Qxg5 21. Re2 Qg6 22. Qf3 Bg4 23. Qe3 Bxe2 24. Qxe2 Rf8 25. h3 Ne7 26. Kh2 Nf5
27. Qf1 Qg3+ 28. Kh1 Qe3 29. Kh2 Kg8 30. Qc4+ Kh8 31. Qf1 h5 32. Qf3 Qxf3 33.
gxf3 h4 34. Kg2 Ne3+ 35. Kf2 Nd1+ 36. Ke2 Nxb2 37. Ke3 Nd1+ 38. Ke4 Nf2+ 39.
Kd5 Nxh3 40. Ke6 Nf4+ 41. Ke7 Kg8 42. e6 Nxe6 43. Kxe6 Rxf3 44. a4 Rxc3 45. d5
Kf8 46. Kd7 h3 47. d6 h2 48. dxc7 Bxc7 49. Kc8 h1=Q 50. Kd7 Qd5+ 51. Kc8 Qd8+
52. Kxb7 Ba5 53. Kxa7 Qb6+ 54. Ka8 Rc8# 0-1

[Event "Motor City Open"]
[Site "Detroit"]
[Date "1991.12.01"]
[Round "6"]
[White "Solski, Jeff"]
[Black "Davis, Victor"]
[Result "1-0"]
[WhiteElo "1428"]
[BlackElo "1260"]
[PlyCount "39"]
[EventDate "1991.11.29"]

1. e4 e5 2. f4 Nc6 3. Nf3 d6 4. Bc4 Nf6 5. Bxf7+ Kxf7 6. O-O Bg4 7. c3 Bxf3 8.
Qxf3 Be7 9. fxe5 Nxe5 10. Qh5+ g6 11. Qh3 Qd7 12. Qg3 Kg7 13. d4 Nxe4 14. Qe3
Nxc3 15. dxe5 Nd5 16. Qd4 c6 17. e6+ Bf6 18. Rxf6 Qd8 19. Rf7+ Kg8 20. Qg7# 1-0

[Event "Motor City Open"]
[Site "Detroit"]
[Date "1991.12.01"]
[Round "6"]
[White "Sledge, Ernest"]
[Black "Walker, Douglas"]
[Result "1/2-1/2"]
[WhiteElo "1691"]
[BlackElo "1846"]
[PlyCount "145"]
[EventDate "1991.11.29"]

1. e4 e5 2. Nf3 Nc6 3. Bc4 Bc5 4. O-O d6 5. h3 Nf6 6. Nc3 O-O 7. d3 h6 8. a3
Bd7 9. Bd2 Ne7 10. Ba2 c6 11. Be3 Bb6 12. d4 exd4 13. Bxd4 Bxd4 14. Qxd4 Be6
15. Bb1 Ng6 16. Ne2 d5 17. e5 Nd7 18. b4 Qc7 19. c3 Ngxe5 20. Qe3 Nxf3+ 21.
Qxf3 Nf6 22. Ng3 Qe5 23. Bd3 Qg5 24. Rfe1 Nd7 25. Bc2 Ne5 26. Qe2 Ng6 27. Qd3
h5 28. Re3 h4 29. Nf1 Qh6 30. Rae1 Nf4 31. Qd4 Qg5 32. Ng3 hxg3 33. Rxg3 Qh6
34. Kh2 Nh5 35. Rf3 Rae8 36. Re5 f6 37. Ree3 g5 38. g4 Nf4 39. Rg3 b6 40. Bb1
Kf7 41. Qd1 Bd7 42. Qf3 Rxe3 43. fxe3 Ng6 44. Bf5 Ne5 45. Qe2 Bxf5 46. gxf5 g4
47. Qa6 Nf3+ 48. Kh1 Ng5 49. Qxa7+ Kg8 50. Qxb6 Qh4 51. Qc7 Rf7 52. Qf4 Rg7 53.
Qxg4 Qxg4 54. Rxg4 Ne4 55. Rxg7+ Kxg7 56. a4 Nxc3 57. a5 Kh6 58. a6 Nb5 59. Kg2
Kg5 60. Kf3 Kxf5 61. h4 Kg6 62. Kf4 f5 63. Ke5 Kh5 64. Kxf5 Kxh4 65. Ke5 Kg4
66. e4 d4 67. a7 Nxa7 68. Kxd4 Kf4 69. e5 Kf5 70. Kc5 Kxe5 71. Kb6 Kd5 72. Kxa7
Kc4 73. Kb6 1/2-1/2

[Event "Motor City Open"]
[Site "Detroit"]
[Date "1991.12.01"]
[Round "6"]
[White "Ryan, Bob"]
[Black "DeJongh, John"]
[Result "0-1"]
[WhiteElo "1554"]
[BlackElo "1647"]
[PlyCount "116"]
[EventDate "1991.11.29"]

1. d4 Nf6 2. Nc3 d5 3. Nf3 Bg4 4. e3 e6 5. Be2 Bxf3 6. Bxf3 Bd6 7. e4 dxe4 8.
Nxe4 Nxe4 9. Bxe4 c6 10. g3 Nd7 11. O-O O-O 12. c4 Nf6 13. Bg5 h6 14. Bxf6 Qxf6
15. Qd3 Rad8 16. Qb3 Qxd4 17. Bg2 Rb8 18. Rad1 Qc5 19. Rfe1 Bc7 20. Qc3 Ba5 21.
Re5 Bxc3 22. Rxc5 Bxb2 23. Rb1 Bd4 24. Rh5 Rfd8 25. Kf1 Bb6 26. c5 Bc7 27. Ke2
Ba5 28. Ke3 Bd2+ 29. Ke2 Bg5 30. h4 g6 31. hxg5 gxh5 32. gxh6 Kh7 33. Be4+ Kxh6
34. Rh1 Rh8 35. Kf3 f5 36. Bc2 Rbd8 37. Kf4 Rd2 38. Bd1 Rd4+ 39. Ke5 Re4+ 40.
Kf6 Rf8+ 41. Ke7 Kg7 42. Bxh5 Rh8 43. f3 Re3 44. g4 fxg4 45. fxg4 Rf8 46. g5
Re5 47. g6 Rxc5 48. Kd6 Ra5 49. Rh2 Rf6 50. Kc7 Rb5 51. Rh4 Rb2 52. a4 c5 53.
Rc4 Rf5 54. Bg4 Rg5 55. Bf3 b6 56. Be4 Rb4 57. Rc2 Rxe4 58. Rd2 Rd4 0-1

[Event "Motor City Open"]
[Site "Detroit"]
[Date "1991.12.01"]
[Round "6"]
[White "Reeves, Andre"]
[Black "Foord, Allan"]
[Result "0-1"]
[WhiteElo "1274"]
[BlackElo "1735"]
[PlyCount "108"]
[EventDate "1991.11.29"]

1. e4 c5 2. Nc3 Nc6 3. g3 g6 4. Bg2 Bg7 5. d3 d6 6. f4 e6 7. Be3 Nge7 8. Nge2
a6 9. O-O O-O 10. Qd2 Rb8 11. a3 Qc7 12. e5 Nf5 13. exd6 Qxd6 14. Ne4 Qc7 15.
Bxc5 Rd8 16. N4c3 b5 17. Nd1 Na5 18. Bb4 Nc4 19. Qc1 Qb6+ 20. Kh1 Nce3 21. Nxe3
Nxe3 22. Ba5 Qxa5 23. Qxe3 Bxb2 24. Ra2 Bg7 25. Nc1 Bb7 26. Bxb7 Rxb7 27. Nb3
Qb6 28. Qxb6 Rxb6 29. c4 Rxd3 30. Na5 bxc4 31. Nxc4 Rbb3 32. Rff2 Rdc3 33. Rfc2
Rxc2 34. Rxc2 Rc3 35. Rxc3 Bxc3 36. Kg2 f5 37. Kf3 Kf7 38. Ke3 Kf6 39. Kf3 e5
40. fxe5+ Bxe5 41. Nxe5 Kxe5 42. Ke3 Kd5 43. Kd3 Kc5 44. h4 Kb5 45. Kc2 Ka4 46.
Kb2 h6 47. Kc3 Kxa3 48. Kc2 a5 49. Kb1 Kb3 50. Ka1 a4 51. Kb1 g5 52. hxg5 hxg5
53. Kc1 f4 54. gxf4 gxf4 0-1

[Event "Motor City Open"]
[Site "Detroit"]
[Date "1991.12.01"]
[Round "7"]
[White "Reeves, Andre"]
[Black "Barnette, Glenn"]
[Result "1-0"]
[WhiteElo "1274"]
[BlackElo "1742"]
[PlyCount "63"]
[EventDate "1991.11.29"]

1. e4 e6 2. d4 d5 3. Nc3 Nf6 4. Bg5 Be7 5. e5 Nfd7 6. h4 O-O 7. Qd2 c5 8. O-O-O
cxd4 9. Qxd4 Bxg5+ 10. hxg5 Qxg5+ 11. f4 Qe7 12. Bd3 h6 13. Nge2 Nc6 14. Qe3 f5
15. exf6 Qxf6 16. Bb5 a6 17. Ba4 b5 18. Bb3 Na5 19. Nd4 Nxb3+ 20. Nxb3 Qxf4 21.
Qxf4 Rxf4 22. Rd4 Rf2 23. Rg4 Nf6 24. Rg3 Kf7 25. Nc5 Bd7 26. Nd3 Rf5 27. Re1
Rc8 28. Ne5+ Rxe5 29. Rxe5 b4 30. Nd1 Ne4 31. Rf3+ Ke7 32. Nf2 1-0

[Event "Motor City Open"]
[Site "Detroit"]
[Date "1991.12.01"]
[Round "6"]
[White "Puryear, Douglas"]
[Black "Montgomery, Marshall"]
[Result "1-0"]
[WhiteElo "1647"]
[BlackElo "1140"]
[PlyCount "59"]
[EventDate "1991.11.29"]

1. Nf3 d5 2. d4 Nc6 3. Nc3 f6 4. Bf4 g5 5. Bg3 Nh6 6. Nb5 e5 7. dxe5 Nf7 8.
exf6 Bd6 9. Nxd6+ cxd6 10. Qxd5 Qa5+ 11. Qxa5 Nxa5 12. O-O-O Nc4 13. e3 Be6 14.
Bxc4 Bxc4 15. Bxd6 Be2 16. Rd4 Rd8 17. Be7 Rxd4 18. Nxd4 Bc4 19. Rd1 Ne5 20.
Nf5 Nc6 21. Nd6+ Kd7 22. Nxc4+ Kc8 23. Bd6 Nd8 24. Ne5 Ne6 25. f7 Rd8 26. g3 b6
27. f4 Nf8 28. Be7 Rxd1+ 29. Kxd1 Ne6 30. f5 1-0

[Event "Motor City Open"]
[Site "Detroit"]
[Date "1991.12.01"]
[Round "6"]
[White "Pettiford, Darnell"]
[Black "Vaka, Flamur"]
[Result "1-0"]
[WhiteElo "1245"]
[BlackElo "1592"]
[PlyCount "65"]
[EventDate "1991.11.29"]

1. d4 Nf6 2. c4 e6 3. Nc3 Be7 4. e4 d6 5. Bd3 Nc6 6. Nge2 b6 7. h3 Bb7 8. Be3
Qd7 9. Qd2 Ba6 10. b3 Bb7 11. a3 Na5 12. Qb2 Nc6 13. b4 a6 14. Rc1 Rb8 15. O-O
h6 16. f4 Nh7 17. Rf2 f5 18. exf5 exf5 19. d5 Nd8 20. Nb1 Bf6 21. Bd4 c6 22.
dxc6 Qxc6 23. Bxf6 Nxf6 24. Nd4 Qc7 25. Nxf5 O-O 26. Re1 Nc6 27. b5 axb5 28.
cxb5 Na5 29. Re7 Qc5 30. Rxg7+ Kh8 31. Rg6 Qc7 32. Rxf6 Rxf6 33. Qxf6+ 1-0

[Event "Motor City Open"]
[Site "Detroit"]
[Date "1991.12.01"]
[Round "7"]
[White "Pettiford, Darnell"]
[Black "Falkowski, Kenneth"]
[Result "0-1"]
[WhiteElo "1245"]
[BlackElo "1723"]
[PlyCount "102"]
[EventDate "1991.11.29"]

1. d4 Nf6 2. c4 g6 3. Nc3 d5 4. cxd5 Nxd5 5. e4 Nxc3 6. bxc3 Bg7 7. Nf3 Bg4 8.
Be2 O-O 9. O-O c5 10. Be3 cxd4 11. cxd4 Bxf3 12. Bxf3 Nc6 13. e5 Rc8 14. Rc1
Qd7 15. Qd2 e6 16. Rc2 Rfd8 17. Rd1 a6 18. Bxc6 Rxc6 19. Rxc6 Qxc6 20. Qc1 Qd5
21. Qb2 Bxe5 22. Rd2 Bg7 23. h3 Rc8 24. Qb3 Qxb3 25. axb3 Rc1+ 26. Kh2 Rc3 27.
d5 exd5 28. Rxd5 Kf8 29. Rd7 Be5+ 30. g3 Rxb3 31. Bc5+ Kg7 32. f4 Bb2 33. Kg2
a5 34. g4 a4 35. h4 a3 36. Bxa3 Bxa3 37. f5 gxf5 38. gxf5 b5 39. Rb7 b4 40. Rb6
Rb2+ 41. Kg3 b3 42. h5 Rb1 43. h6+ Kg8 44. f6 b2 45. Rb8+ Bf8 46. Kg2 Rc1 47.
Rxb2 Rc5 48. Kg1 Rg5+ 49. Rg2 Bxh6 50. Kh2 Rxg2+ 51. Kxg2 Bg5 0-1

[Event "Motor City Open"]
[Site "Detroit"]
[Date "1991.12.01"]
[Round "7"]
[White "Parker, Bernard"]
[Black "Vaka, Flamur"]
[Result "0-1"]
[WhiteElo "1490"]
[BlackElo "1592"]
[PlyCount "92"]
[EventDate "1991.11.29"]

1. d4 Nf6 2. c4 e6 3. Nc3 Be7 4. Bg5 b6 5. Nf3 Bb7 6. e3 d6 7. Be2 Nbd7 8. Rc1
h6 9. Bxf6 Nxf6 10. O-O O-O 11. Qc2 Rc8 12. e4 Nh5 13. g3 Nf6 14. Rfd1 c6 15.
e5 Nd7 16. Qa4 Ra8 17. exd6 Bxd6 18. c5 Be7 19. Ne5 Nxe5 20. dxe5 Qc7 21. cxb6
axb6 22. Qb3 Rfd8 23. Bf1 Rxd1 24. Rxd1 Rd8 25. Na4 b5 26. Rxd8+ Qxd8 27. Nc3
Qc7 28. Qd1 Qd8 29. Qf3 Qc7 30. Qe2 Qd7 31. a3 Qd4 32. Qe4 Qxe4 33. Nxe4 Kf8
34. b4 Ke8 35. f4 Kd7 36. Nc5+ Bxc5+ 37. bxc5 Kc7 38. Kf2 Ba6 39. Ke3 Kb7 40.
Kd4 Kc7 41. a4 Kb7 42. axb5 Bxb5 43. Bxb5 cxb5 44. Kc3 Kc6 45. Kb4 f6 46. exf6
gxf6 0-1

[Event "Motor City Open"]
[Site "Detroit"]
[Date "1991.12.01"]
[Round "7"]
[White "Moore, Deane"]
[Black "Puryear, Douglas"]
[Result "0-1"]
[WhiteElo "1394"]
[BlackElo "1647"]
[PlyCount "68"]
[EventDate "1991.11.29"]

1. e4 e5 2. Nf3 d6 3. h3 Nf6 4. Nc3 c5 5. Bc4 Be7 6. d3 O-O 7. O-O a6 8. Nd5
Nxd5 9. Bxd5 Nd7 10. c3 Nb6 11. c4 Nxd5 12. cxd5 b5 13. a3 f5 14. exf5 Rxf5 15.
b3 Bb7 16. b4 Bxd5 17. bxc5 dxc5 18. Rb1 Qd6 19. Bb2 Qg6 20. Kh1 Bxf3 21. gxf3
Raf8 22. Rg1 Qh5 23. Qf1 Rxf3 24. Rxg7+ Kxg7 25. Qg2+ Kf6 26. Kh2 Ke6 27. Re1
Bd6 28. Kg1 Rxf2 29. Rxe5+ Bxe5 30. Qc6+ Bd6 31. Qe4+ Kd7 32. Qb7+ Bc7 33. d4
Rf1+ 34. Kg2 Qg5# 0-1

[Event "Motor City Open"]
[Site "Detroit"]
[Date "1991.12.01"]
[Round "6"]
[White "Men, Boris"]
[Black "Mazuchowski, Tom"]
[Result "1-0"]
[WhiteElo "2579"]
[BlackElo "2110"]
[PlyCount "105"]
[EventDate "1991.11.29"]

1. e4 c5 2. c3 d6 3. d4 Nf6 4. dxc5 Nc6 5. f3 dxc5 6. Qxd8+ Nxd8 7. Be3 e6 8.
Ne2 Nc6 9. Nc1 b6 10. Nb3 Bb7 11. a4 Be7 12. a5 O-O 13. Na3 Rfd8 14. Be2 Ne5
15. O-O Rd7 16. Bb5 Bc6 17. Bxc6 Nxc6 18. axb6 axb6 19. Nc4 Rxa1 20. Rxa1 h6
21. Ra6 b5 22. Rxc6 bxc4 23. Nxc5 Rd1+ 24. Kf2 Bxc5 25. Rxc5 Rb1 26. Rb5 Nd7
27. h4 f6 28. Bd4 e5 29. Be3 Kh7 30. h5 Nf8 31. Rb6 Kg8 32. Rb8 Kf7 33. Bc5 Ne6
34. Rb7+ Kg8 35. Be3 Nf4 36. Bxf4 exf4 37. g3 fxg3+ 38. Kxg3 Rg1+ 39. Kf4 Rg5
40. Rc7 Rxh5 41. Rxc4 Rg5 42. b4 Kf7 43. Rc7+ Ke6 44. c4 Kd6 45. Ra7 Rg1 46.
Ra6+ Kc7 47. Kf5 h5 48. f4 Rc1 49. Ra7+ Kb6 50. Rxg7 Rxc4 51. Rg6 Rxb4 52.
Rxf6+ Kc7 53. Rh6 1-0

[Event "Motor City Open"]
[Site "Detroit"]
[Date "1991.12.01"]
[Round "7"]
[White "Mellen, Steve"]
[Black "Everett, Morgan"]
[Result "0-1"]
[WhiteElo "2003"]
[BlackElo "2148"]
[PlyCount "52"]
[EventDate "1991.11.29"]

1. Nf3 f5 2. d3 Nf6 3. g3 b6 4. Bg2 Bb7 5. c4 e6 6. O-O Be7 7. Nc3 O-O 8. Rb1
Qe8 9. b4 d6 10. d4 Nbd7 11. d5 e5 12. Ng5 Bd8 13. Ne6 Rf7 14. c5 Nf8 15. Ng5
Re7 16. f4 dxc5 17. bxc5 e4 18. c6 Bc8 19. Ba3 h6 20. Bxe7 Qxe7 21. Nh3 Qc5+
22. Nf2 Qxc3 23. Kh1 Be7 24. g4 Bd6 25. g5 hxg5 26. fxg5 Qe5 0-1

[Event "Motor City Open"]
[Site "Detroit"]
[Date "1991.12.01"]
[Round "6"]
[White "McFolley, John"]
[Black "Walker, Anthony"]
[Result "1/2-1/2"]
[WhiteElo "1271"]
[BlackElo "1103"]
[PlyCount "63"]
[EventDate "1991.11.29"]

1. e4 e5 2. a3 Nf6 3. Nc3 Nc6 4. Nf3 Bc5 5. b4 Bd4 6. Nxd4 Nxd4 7. Bc4 O-O 8.
O-O d6 9. d3 Be6 10. Bxe6 fxe6 11. Ne2 b6 12. Nxd4 exd4 13. c3 dxc3 14. Qb3 Qd7
15. Qxc3 c5 16. Bb2 e5 17. Qc4+ Rf7 18. Rae1 Raf8 19. Re3 Kh8 20. Rf3 Ng4 21.
Rxf7 Rxf7 22. Qd5 Qb7 23. Qxd6 Qe7 24. Qd5 Qf6 25. h3 Nxf2 26. Bxe5 Nxh3+ 27.
Kh2 Qxf1 28. Kxh3 Qh1+ 29. Kg3 Qe1+ 30. Kh2 Qh4+ 31. Kg1 Qe1+ 32. Kh2 1/2-1/2

[Event "Motor City Open"]
[Site "Detroit"]
[Date "1991.12.01"]
[Round "7"]
[White "Mazuchowski, Tom"]
[Black "Dobbs, Edward"]
[Result "1/2-1/2"]
[WhiteElo "2110"]
[BlackElo "1847"]
[PlyCount "120"]
[EventDate "1991.11.29"]

1. e4 c5 2. Nf3 g6 3. d4 cxd4 4. Nxd4 Bg7 5. Nc3 Nc6 6. Be3 Nf6 7. Bc4 O-O 8.
O-O a6 9. h3 b5 10. Be2 Bb7 11. Nxc6 Bxc6 12. Nd5 Rb8 13. f3 e6 14. Nxf6+ Qxf6
15. c3 d5 16. Qd2 Qe7 17. exd5 Bxd5 18. Bh6 Rfd8 19. Bxg7 Kxg7 20. Qe3 Rd6 21.
a4 Bc6 22. axb5 axb5 23. Ra6 Rbd8 24. Bxb5 Bxb5 25. Qe5+ Qf6 26. Qxb5 Rd2 27.
Raa1 Qf4 28. Rae1 Qg3 29. Qe5+ Qxe5 30. Rxe5 Rxb2 31. Rc1 Rdd2 32. Rg5 Kf6 33.
h4 h6 34. Rg4 Kf5 35. Kh2 f6 36. Rg1 Rd3 37. Kg3 Rxc3 38. Rf4+ Ke5 39. Re1+ Kd5
40. Rxf6 Rcc2 41. Rexe6 Rxg2+ 42. Kf4 g5+ 43. hxg5 hxg5+ 44. Kf5 Rbf2 45. Re5+
Kd4 46. Rd6+ Kc4 47. Re4+ Kc5 48. Rd3 Rg3 49. Ree3 g4 50. f4 Rff3 51. Rxf3 gxf3
52. Rd1 f2 53. Rf1 Rg2 54. Ke4 Kd6 55. Kf3 Rg8 56. Rxf2 Ke6 57. Ra2 Kf6 58.
Ra6+ Kf5 59. Ra5+ Kf6 60. Re5 Rg1 1/2-1/2